Western Civilizations Their History and Their Culture

Saved in:
Bibliographic Details
Main Author: McNall Burns, Edward
Other Authors: Lerner, Robert E., Meacham, Standish
Format: Book
Language:English
Published: New York Norton and Co. 1984
Edition:10. ed.
Tags: Add Tag
No Tags, Be the first to tag this record!

MARC

LEADER 00000nam a2200000 4500
001 c028483
005 20221207075143.1
041 0 |a eng 
044 |a US 
245 1 0 |a Western Civilizations  |b Their History and Their Culture  |c Edward McNall Burns, Robert E. Lerner, Standish Meacham 
250 |a 10. ed. 
264 1 |a New York  |b Norton and Co.  |c 1984 
300 |a 1068 s. 
100 1 |a McNall Burns, Edward 
700 1 |a Lerner, Robert E. 
700 1 |a Meacham, Standish